| 000 | 01101cam a2200229 4500 | ||
|---|---|---|---|
| 001 | ABS65275 | ||
| 008 | 020403n2002 000 0 eng u | ||
| 035 | _a(Sirsi) u117319 | ||
| 100 | _aOwen, S. | ||
| 245 | _aLocality and community : towards a vehicle for community-based decision making in rural localities in England | ||
| 260 | _c2002 | ||
| 490 |
_aTown Planning Review _v73(1) January 2002, 41-61(21) |
||
| 520 | _aAim of the paper is to evaluate current decision making in rural localities such as village appraisals and village design statements, against the criteria of subsidiarity, integration and effectiveness, to measure whether they can be developed further to help local communities. Finally the paper considers the attributes that would need to inform a new community-based instrument for community-based decision making in rural areas. | ||
| 590 | _aABS | ||
| 650 | _aDECISION MAKING | ||
| 650 | _aRURAL COMMUNITIES | ||
| 650 | _aLOCAL COMMUNITIES | ||
| 650 | _aSUSTAINABLE DEVELOPMENT | ||
| 650 | _aAPPRAISAL | ||
| 690 |
_aPlanning and development _96259 |
||
| 942 | _n0 | ||
| 999 |
_c69893 _d69893 |
||